000 00329nam a2200133 4500
005 20260530115310.0
100 1 _aPeter Scheneider
_932675
245 1 0 _aBraun Design 50 Years
264 1 _bBraun GmbH
_c2005
300 _a50 páginas
336 _atexto
_2rdacontent
337 _asin medio
_2rdamedia
338 _avolumen
_2rdacarrier
999 _c13307
_d13307